00377 a2200109 4500001001000000005001700010008004100027245009500068100002400163773006300187999001700250ART_1145520260410161857.0260409a 10aCondiciones meteorológicas y rendimientos de cosecha gruesa en la provincia de Córdoba1 aSonnet, Fernando H.0 tRevista de Economíag- Nº 67 (abr./dic. 1992)wREV11077 c25592d25592